000 02047nam a22003733i 4500
001 EBC6388557
003 MiAaPQ
005 20250827173535.0
007 cr cnu||||||||
008 250827s1997 xx o ||||0 eng d
020 _a9780691221816
_q(electronic bk.)
020 _z9780691016764
040 _aMiAaPQ
_beng
_cMiAaPQ
100 1 _aRupp, Leila J.
_913361
245 1 0 _aWorlds of Women :
_bThe Making of an International Women's Movement.
250 _a1st ed.
264 1 _aPrinceton :
_bPrinceton University Press,
_c1997.
264 4 _c©1998.
300 _a1 online resource (344 pages)
336 _aText
_btxt
_2rdacontent
337 _aComputermedien
_bc
_2rdamedia
338 _aOnline Resource
_bcr
_2rdacarrier
341 0 _bInaccessible, or known limited accessibility
_2onix
500 _aE-Book-ProQuest / Fernzugriff nach Registrierung möglich
505 0 _aIntro -- Cover Page -- Half-title Page -- Title Page -- Copyright Page -- Dedication Page -- Contents -- List of Illustrations -- Preface -- Introduction -- Chapter 1: The International First Wave -- Chapter 2: Building an International Women's Movement -- Section I: Boundaries -- Chapter 3: Who's In, Who's Out -- Chapter 4: The International Bonds of Womanhood -- Section II: Consciousness -- Chapter 5: Forging an International "We -- Chapter 6: How Wide the Circle of thfe Feminist "We -- Section III: Personalized Politics -- Chapter 7: International Ground -- Chapter 8: Getting to Know You -- Conclusion -- Chapter 9: International Matters -- Notes -- Bibliography -- Index.
520 _aNo detailed description available for "Worlds of Women".
655 _aFernzugriff
_9230
655 4 _aElectronic books.
776 0 8 _iPrint version:
_aRupp, Leila J.
_tWorlds of Women
_dPrinceton : Princeton University Press,c1997
_z9780691016764
856 4 0 _uhttps://ebookcentral.proquest.com/lib/maxweberstiftung-ebooks/detail.action?docID=6388557
_zVolltext
942 _cEB
999 _c72728
_d72728